000 00631nam a2200205Ia 4500
005 20250508155401.0
008 008 250505s9999 xx 000 0 eng d
037 _aTextual
040 _aFEDL
_beng
_cFEDL
041 _aeng
_2eng
084 _a301.20954, ISH
_qFEDL
100 _aIshwaran K.
245 0 _aTradition and economy in village India
260 _aBombay, India
_bAllied Publishers Private Limited
_c1966
300 _axiv,169p.
490 _aInternational Library of Sociology and Social Reconstruction
650 _aSociology
942 _cTEXL
_h301.20954, ISH
999 _c1356380
_d1356380